000 00783nam a2200241Ia 4500
003 GCL
008 140319s9999 xx 000 0 ara d
040 _aGCL /
_cGCL
082 0 4 _a809.923
_bج خ
100 1 _aجنيت، جيرار
245 1 0 _aخطاب الحكاية: بحث فى المنهج /
_cجنيت، جيرار
700 1 _aمحمد معتصم
700 1 _aعبدالجليل الاردى
300 _a500 ص
490 _aالمشروع القومى للترجمة
_v0
650 0 4 _aالخطابة
650 0 4 _aالادب المقارن
650 0 4 _aالمنهج الفلسفى
650 0 4 _aالسرد الادبى
650 0 4 _aالرواية الفرنسية - تاريخ ونقد
650 0 4 _aالمحسنات البلاغية
942 _2ddc
_cBK
999 _c52171
_d52171